| 000 | 03610nam a2200361Ia 4500 | ||
|---|---|---|---|
| 008 | 130821s1626 fr gr spa | ||
| 040 |
_aCo-BoUCM _bspa |
||
| 041 | 0 | _alat | |
| 092 | _aE23N037 | ||
| 100 | 1 |
_aBonacina, Martino _dd. 1631 |
|
| 242 | 0 | 0 |
_aCompendio de Teología Moral. Tratado de casos de conciencia en el que se exponen, breve y claramente todos los problemas relacionados con el foro interno y algunos que tienen que ver con el foro externo. Sobre la ley. En general y en particular _cMartín De Bonacina _yspa |
| 245 | 1 | 0 |
_aSummae Moralis Theologiae. Sive tractatuum de casibus conscientiae in quibus fere omnes difficultates, ad internum et plurimae ad externum forum pertienentes breviter ac perspicue exponuntur. Tomus secundus ... _cAutore Martino Bonacina |
| 246 | 1 | 3 | _aCompendio de Teología Moral. Tratado de casos de conciencia en el que se exponen, breve y claramente todos los problemas relacionados con el foro interno y algunos que tienen que ver con el foro externo. Sobre la ley. En general y en particular |
| 250 | _aOmnia in hac novissima editione diligenter ab ipso autore recognita, et quareplurimis de nono additus locupupletata [En esta última edición todos los temas fueron revisados cuidadosamente por el mismo Autor y se completó con nuevas adiciones] | ||
| 260 |
_aLion (Francia) _bSumptibus Iacobi & Matthaei Prost. Fratrum [A expensas de los hermanos Jacobo y Mateo Prost] _c1626-1627 |
||
| 300 | _a331, [39] ; 248, [23] ; [8], 100, [9]; [8], 166 [ei 168], [12] páginas | ||
| 500 | _aDetalles físicos: Encuaderna varias obras en un solo volumen. Encuadernación rígida en cartón duro forrado en piel, deteriorada en lomo, tapas y bordes. Tapas con repujado en forma de recuadro. Guardas con manchas de humedad, rotas y con marcas. Notorias restauraciones en primeras páginas. Varias portadas la primera a una sola tinta, con un grabado ordinario que probablemente representa el emblema de los editores (dos figuras femeninas una de ellas, es la prudencia que sostienen un libro, enmarcan un óvalo donde hay un elefante delante de una palmera. En la parte inferior, un lema latino que dice: "Por los que son buenos y sabios"). Algunas cenefas decorativas y mayúsculas capitales al comienzo de cada obra. Texto regularmente impreso en dos columnas muy densas y apretadas, sobre papel bueno y delgado. Signaturas y Reclamos. Papel con manchas de humedad. Otra portada impresa a dos tintas, con un grabado (calcografía, firmado: "Lo hizo C. Audran"). | ||
| 500 | _aOtros detalles: Anotación en guarda: "Doctor Aguado". Al respaldo: "Abaluado (sic) en tres pesos ...". Y en la portada, varias marcas de propiedad que fueron tachadas. Un sello de tinta que dice: "Del Colegio de Ntra. Sra. Del Rosario". | ||
| 500 | _aÚltimas dos portadas modifican el editor. | ||
| 505 | 0 | _aV.2: Tratado sobre la ley. ; En general y en particular. ; Tratados sobre la restitución y los contratos. ; Tratado sobre la clausura y las penas que se imponen a quienes la quebrantan. ; Tratado sobre la simonía. ; Cinco estudios sobre otros temas. | |
| 506 | _aConsulta en sala. | ||
| 546 | _aTexto en latín | ||
| 650 | 0 | 4 |
_aDerecho canónico _xObras anteriores a 1700 _912710 |
| 650 | 0 | 4 |
_aReligión y moral _xObras anteriores a 1700 _923513 |
| 650 | 0 | 4 |
_aTeología _925230 |
| 650 | 0 | 4 |
_aTeología _xObras anteriores a 1700 _925230 |
| 700 | 1 |
_aCavellat, Cardon _eed. |
|
| 700 | 1 |
_aCavellat, Pedro _eed. |
|
| 700 | 1 |
_aProst, Jacobo _eed. |
|
| 700 | 1 |
_aProst, Mateo _eed. |
|
| 942 |
_cLIBRO _a4 _e1 _2DEWEY _h291.5 |
||
| 999 |
_c39780 _d39780 |
||